000 00367nam a22001337a 4500
005 20250923145934.0
008 250923b |||||||| |||| 00| 0 eng d
050 _aPR6065
_b.K28O2 OKA
100 _aOKAI ATUKWEI
245 _aLORGORLIGI LOGARITHMS;
_bAND OTHER POEMS
260 _aACCRA
_bGHANA PUBLISHING CORPORATION
_c1974
300 _alvii, 145p
942 _2lcc
_cBK
_n0
999 _c7655
_d7655